| 000 | 004350000a22001690004500 | ||
|---|---|---|---|
| 041 | 0 | _aSPA | |
| 082 | 0 | 4 | _aG 234.161 C8991b |
| 100 | 1 | _aCrawford, Colin | |
| 245 | 1 | 0 | _aEl bautismo cristiano / Colin Crawford, Miriam Crawford |
| 260 | _aBogotá : Nueva Vida | ||
| 300 | _a16 Pág. | ||
| 001 | 13881 | ||
| 942 | _cBK | ||
| 999 |
_c42818 _d42818 |
||
| 336 |
_atexto _btxt _2rdacontent |
||
| 337 |
_2rdamedia _asin mediación _bn |
||
| 338 |
_2rdacarrier _avolumen _bnc |
||